<?xml version="1.0" encoding="UTF-8"?><?xml-stylesheet type="text/xsl" href="static/style.xsl"?><OAI-PMH xmlns="http://www.openarchives.org/OAI/2.0/" xmlns:xsi="http://www.w3.org/2001/XMLSchema-instance" xsi:schemaLocation="http://www.openarchives.org/OAI/2.0/ http://www.openarchives.org/OAI/2.0/OAI-PMH.xsd"><responseDate>2026-04-29T04:10:02Z</responseDate><request verb="GetRecord" identifier="oai:repisalud.isciii.es:20.500.12105/19716" metadataPrefix="marc">https://repisalud.isciii.es/rest/oai/request</request><GetRecord><record><header><identifier>oai:repisalud.isciii.es:20.500.12105/19716</identifier><datestamp>2024-09-27T17:12:21Z</datestamp><setSpec>com_20.500.12105_2052</setSpec><setSpec>com_20.500.12105_2051</setSpec><setSpec>col_20.500.12105_19608</setSpec></header><metadata><record xmlns="http://www.loc.gov/MARC21/slim" xmlns:dcterms="http://purl.org/dc/terms/" xmlns:doc="http://www.lyncode.com/xoai" xmlns:xsi="http://www.w3.org/2001/XMLSchema-instance" xsi:schemaLocation="http://www.loc.gov/MARC21/slim http://www.loc.gov/standards/marcxml/schema/MARC21slim.xsd">
   <leader>00925njm 22002777a 4500</leader>
   <datafield ind2=" " ind1=" " tag="042">
      <subfield code="a">dc</subfield>
   </datafield>
   <datafield ind2=" " ind1=" " tag="720">
      <subfield code="a">Maeso Martínez, Sergio</subfield>
      <subfield code="e">author</subfield>
   </datafield>
   <datafield ind2=" " ind1=" " tag="720">
      <subfield code="a">Montesinos, M</subfield>
      <subfield code="e">author</subfield>
   </datafield>
   <datafield ind2=" " ind1=" " tag="720">
      <subfield code="a">Arana, B</subfield>
      <subfield code="e">author</subfield>
   </datafield>
   <datafield ind2=" " ind1=" " tag="720">
      <subfield code="a">Expósito, E</subfield>
      <subfield code="e">author</subfield>
   </datafield>
   <datafield ind2=" " ind1=" " tag="720">
      <subfield code="a">Rotinen, J</subfield>
      <subfield code="e">author</subfield>
   </datafield>
   <datafield ind2=" " ind1=" " tag="720">
      <subfield code="a">Cirera, Lluís</subfield>
      <subfield code="e">author</subfield>
   </datafield>
   <datafield ind2=" " ind1=" " tag="260">
      <subfield code="c">2023</subfield>
   </datafield>
   <datafield ind2=" " ind1=" " tag="520">
      <subfield code="a">Background/Objectives: Ensuring high-quality Cause of Death (CoD) statistics is fundamental to public health. Some educational initiatives have been implemented but limited research is available on the efficacy evaluation of medical courses for improving CoD certification. We aimed to assess the efficacy of a training program for physicians to improve the quality of causes of death certification in Spain. Methods: The workshop was addressed to in-training physicians (MIR Specialist training program) during 2012 and 2013 in the Spanish region of Murcia. This descriptive observational epidemiological study assessed the efficacy of medical certification of 18 face-to-face workshops by a pre/post-test, before and after the course, of three exercises of real CoD certificates given to 289 MIR during that period. We evaluated and scored (well/bad, adding up 1 point for each well done): writing, acronyms, and sequence as form indicators; placement of immediate, intermediate, and initial CoD, affixes, and omissions as concept indicators; and correct Basic Cause of Death (CABAS) as result indicators. We performed McNemar tests for all indicators (form, concept, and result). Results: We included 1,604 exercises with 17,637 items. All the items evaluated showed improvement after completing the course. Four indicators and three groups were incorrect (&lt; 50%) at initial exercises, all being correct (> 50%) at final exercises. After the course, the most notable improvements, greater than 35%, were immediate, intermediate and initial cause, causal sequence and described causes; and groups: causes, concept and causes with CABAS. In the initial test, 54% individual indicators were correct, while in the final examination, 81% were correct, with an improvement of 27% (p-value &lt; 0.05). In 27 of the 30 comparisons (11 items for 3 exercises) there was a marked improvement after the course (p-values &lt; 0.001). In the third exercise, immediate cause, acronyms and casual sequence, improvements were less emphatic or non-significant (p-value 0.001, 0.002, 0.278). Legible writing obtained less clear or non-significant improvements in all exercises (p-value 0.096, 0.027, 0.210). In the initial test, CABAS was correct in 67% of exercises, while in the final test was correct in 94% of exercises, with a 27% improvement (p &lt; 0.05). Conclusions/Recommendations: The effectiveness of the training program for physicians on death certification was remarkable. Observed performance markedly improve after the educational intervention. Institutions involved should consider implementing training on death certification and should evaluate the positive impact on mortality quality statistics.</subfield>
   </datafield>
   <datafield ind1="8" ind2=" " tag="024">
      <subfield code="a">Gac Sanit. 2023;37(S1):205-205.</subfield>
   </datafield>
   <datafield ind1="8" ind2=" " tag="024">
      <subfield code="a">http://hdl.handle.net/20.500.12105/19716</subfield>
   </datafield>
   <datafield ind1="8" ind2=" " tag="024">
      <subfield code="a">Gac Sanit.</subfield>
   </datafield>
   <datafield tag="653" ind2=" " ind1=" ">
      <subfield code="a">Cause of Death (CoD)</subfield>
   </datafield>
   <datafield tag="653" ind2=" " ind1=" ">
      <subfield code="a">Public health</subfield>
   </datafield>
   <datafield tag="653" ind2=" " ind1=" ">
      <subfield code="a">Death certification</subfield>
   </datafield>
   <datafield tag="653" ind2=" " ind1=" ">
      <subfield code="a">Spain</subfield>
   </datafield>
   <datafield tag="653" ind2=" " ind1=" ">
      <subfield code="a">MIR Specialist training program</subfield>
   </datafield>
   <datafield ind2="0" ind1="0" tag="245">
      <subfield code="a">Efficacy assessment of a training programme for physicians on death certification</subfield>
   </datafield>
</record></metadata></record></GetRecord></OAI-PMH>